UK Prime Ministers by Party - Statistics

General Stats
  • This quiz has been taken 40 times
  • The average score is 15 of 18
Answer Stats
% Correct
2019-2022 Boris Johnson
97%
2024-present Kier Starmer
94%
2022 Liz Truss
94%
2016-2019 Theresa May
94%
2007-2010 Gordon Brown
91%
2022-2024 Rishi Sunak
91%
1997-2007 Tony Blair
91%
1940-1945, 1951-1955 Winston Churchill
91%
2010-2016 David Cameron
88%
1990-1997 John Major
88%
1979-1990 Margaret Thatcher
88%
1945-1951 Clement Attlee
85%
1964-1970, 1974-1976 Harold Wilson
76%
1976-1979 James Callaghan
73%
1970-1974 Edward Heath
70%
1955-1957 Anthony Eden
67%
1957-1963 Harold Macmillan
61%
1963-1964 Alec Douglas-Home
58%
No matching quizzes found
Score Distribution
Percent of People with Each Score
Percentile by Number Answered
Your Score History
You have not taken this quiz